000 00493nam a22001937a 4500
003 NUST - PNEC
005 20170116180808.0
008 150423b xxu||||| |||| 00| 0 eng d
020 _a0563210117
040 _cLIBRARY
082 _a448.24 PAG
100 _93163
_a Page, B;
245 _a A vous la France! :
_cBBC Books
250 _a-
260 _aLondon :
_bA bb Course,
_cc 1984.
300 _a360 p . :
650 _93164
_aA Vous La France!:
_xFrench language.
942 _2ddc
_cBK
999 _c63279
_d63279